| 000 | 00703nam a2200253Ia 4500 | ||
|---|---|---|---|
| 008 | 170203s9999 xx 000 0 und d | ||
| 020 | _a9716300425 | ||
| 050 | _aFic | ||
| 050 | _b.B638h 1996 | ||
| 100 | _aBlanco, Marivi Soliven | ||
| 245 | 4 | _aThe hunt for the Hippocampus / | |
| 245 | _c by Marivi Soliven Blanco ; pictures by Remus San Diego. | ||
| 260 | _aManila : | ||
| 260 | _bTahanan Books for Young Readers. | ||
| 260 | _c1996 | ||
| 300 | _a80 pages; | ||
| 300 | _billustrations : | ||
| 300 | _c20 cm. | ||
| 440 | _aA Jenny and Jay Mystery. | ||
| 650 | _aGhost stories. | ||
| 650 | _aMystery and detective stories. | ||
| 650 | _aWitches -- | ||
| 650 | _xJuvenile fiction. | ||
| 999 |
_c306128 _d306128 |
||